skbl

Dr Suryya Kumar Bhuyan Library Web-OPAC
ডঃ সূৰ্য্য
কুমাৰ ভূঞা পুথিভঁৰাল ৱেব-অ'পেক

All Research Scholars are advised to clear the annual library fees to continue using Library Resources, Remote Access, Plagiarism Test and Library Clearance.

Cotton University Book Fair 2026

Smaranika : Cotton College Sahitya Sabha : (Record no. 51247)

MARC details
000 -LEADER
fixed length control field 00534nam a2200169Ia 4500
001 - CONTROL NUMBER
control field 51282
008 - FIXED-LENGTH DATA ELEMENTS--GENERAL INFORMATION
fixed length control field 140124n ii |||gr||||Z||||||asm
082 ## - DEWEY DECIMAL CLASSIFICATION NUMBER
Classification number 891.4141
245 #0 - TITLE STATEMENT
Title Smaranika : Cotton College Sahitya Sabha :
Remainder of title Part- II /
Statement of responsibility, etc. Bipul Chandra Kalita (Editor) .
Medium Textual Documents
250 ## - EDITION STATEMENT
Edition statement 1st ed. /
260 ## - PUBLICATION, DISTRIBUTION, ETC.
Place of publication, distribution, etc. Guwahati :
Name of publisher, distributor, etc. Prasanta Kumar Mahanta ,
Date of publication, distribution, etc. 1988.
300 ## - PHYSICAL DESCRIPTION
Extent 60p. ;
Dimensions 32 cm..
653 ## - INDEX TERM--UNCONTROLLED
Uncontrolled term Ref- Megazine
653 ## - INDEX TERM--UNCONTROLLED
Uncontrolled term Megazine- Cotton College
700 ## - ADDED ENTRY--PERSONAL NAME
Personal name Kalita, Bipul Chandra ,
Relator term Editor.
942 ## - ADDED ENTRY ELEMENTS (KOHA)
Source of classification or shelving scheme Dewey Decimal Classification
Koha item type Books
Holdings
Withdrawn status Lost status Damaged status Not for loan Collection Home library Current library Shelving location Date acquired Coded location qualifier Total checkouts Full call number Barcode Date last seen Copy number Price effective from Koha item type
          Dr. Suryya Kumar Bhuyan Library Dr. Suryya Kumar Bhuyan Library   01/02/2012 00000   891.4141 BAR 4880/New 14/01/2024 1 01/02/2012 Books

Designed and Maintained by Team SKBL
©1901-2026

Powered by Koha